[Event "56th Biel Master Open"]
[Site "Biel SUI"]
[Date "2023.07.27"]
[Round "10.10"]
[White "Nie, Xinyang"]
[Black "Albornoz Cabrera, Carlos Daniel"]
[Result "1/2-1/2"]
[BlackTitle "GM"]
[WhiteElo "2288"]
[BlackElo "2591"]
[WhiteFideId "8607222"]
[BlackFideId "3518736"]
[EventDate "2023.07.17"]

1. d4 Nf6 2. c4 e6 3. Nf3 d5 4. h3 h6 5. Nc3 Bb4 6. Qc2 dxc4 7. e4 b5 8. a4 c6
9. Bd2 Bb7 10. e5 Nd5 11. Ne4 Be7 12. b3 Nb4 13. Qb1 cxb3 14. Qxb3 Qd5 15. Qb1
bxa4 16. Bxb4 Bxb4+ 17. Qxb4 Qxe4+ 18. Kd2 c5 19. Bb5+ Nd7 20. Qxa4 Qf4+ 21. Ke2
O-O 22. Bxd7 Bxf3+ 23. gxf3 cxd4 24. Rad1 Qxe5+ 25. Kf1 Rab8 26. Rxd4 Rfd8 27.
f4 Qh5 28. Kg2 Rb2 29. Qa3 Qe2 30. Qf3 Qxf3+ 31. Kxf3 Rb3+ 32. Kg2 Rb7 33. Rhd1
g6 34. Ba4 Rxd4 35. Rxd4 Kg7 36. Kf3 Kf6 37. Rd6 Rc7 38. Ra6 Rc3+ 39. Kg2 Rc4
40. Kg3 Rc3+ 41. f3 Rc7 42. Bc6 Ke7 43. Kf2 Kd6 44. Ke2 Ke7 45. Ba4 Kf6 46. Bc6
Ke7 47. Ke3 Kd6 48. Ba4+ Ke7 49. Kd4 Rb7 50. Bc6 Rb4+ 51. Ke3 Rb3+ 52. Kf2 Rb2+
53. Kg3 Kf6 54. Rxa7 Rb8 55. Bd7 Rd8 56. Rc7 Ke7 57. Bb5+ Kf6 58. Bc6 Rb8 59.
Bb7 Rd8 60. Kf2 Rd2+ 61. Kg3 Rd4 62. Bc8 Rd8 63. Kf2 Rd2+ 64. Ke3 Rd8 65. Bb7
Rd1 66. Ba6 Rd8 67. Bb5 Rb8 68. Ba4 Ra8 69. Bc6 Rd8 70. Ke4 Rb8 71. Rb7 Rc8 72.
Bd7 Rd8 73. Bb5 Kg7 74. Bc6 Kf6 75. Bb5 Kg7 76. Rd7 Rb8 77. Bc4 Kf6 78. Rc7 Rd8
79. Ke3 Rd6 80. Rc8 Rd7 81. Rb8 Rc7 82. Kd4 Rd7+ 83. Ke4 Rc7 84. Bb5 Ra7 85. Bc6
Rc7 86. Rb6 Rc8 87. Ra6 Rd8 88. Ra8 Rd1 89. Be8 Ke7 90. Bb5 Kf6 91. Ra7 Rd8 92.
Rb7 1/2-1/2

[Event "56th Biel Master Open"]
[Site "Biel SUI"]
[Date "2023.07.27"]
[Round "10.12"]
[White "Rodrigue-Lemieux, Shawn"]
[Black "Muthaiah, AL"]
[Result "1/2-1/2"]
[WhiteTitle "IM"]
[BlackTitle "IM"]
[WhiteElo "2495"]
[BlackElo "2445"]
[WhiteFideId "2620049"]
[BlackFideId "5092442"]
[EventDate "2023.07.17"]

1. e4 c5 2. Nf3 e6 3. d4 cxd4 4. Nxd4 Nc6 5. Nc3 Qc7 6. g3 a6 7. Bg2 Nf6 8. O-O
Nxd4 9. Qxd4 Bc5 10. Qd1 h6 11. e5 Qxe5 12. Bf4 Qd4 13. Qe2 Be7 14. Rfd1 Qb4 15.
a3 Qa5 16. b4 Qd8 17. Ne4 d5 18. c4 O-O 19. Nc3 Bd6 20. Be5 Bxe5 21. Qxe5 Re8
22. Rd4 Bd7 23. cxd5 exd5 24. Qf4 Be6 25. Rad1 Rc8 26. Qd2 Qc7 27. Nxd5 Bxd5 28.
Bxd5 Nxd5 29. Rxd5 Re7 30. Rc5 Qb8 31. Qf4 Rce8 32. Rd6 Rd8 33. Rd4 Qa8 34.
Rxd8+ Qxd8 35. Qc4 Qd1+ 36. Kg2 b5 37. Qf4 Qd7 38. Qf3 Re6 39. Qa8+ Kh7 40. Rc8
Qd4 41. h4 Rf6 42. f3 Qd2+ 43. Kh3 Qd7+ 44. Kg2 Re6 45. Rh8+ Kg6 46. Rd8 Re2+
47. Kf1 Qe6 48. Qd5 Qxd5 49. Rxd5 Re3 50. a4 Rxf3+ 51. Kg2 Rf5 52. Rd6+ Rf6 53.
Rd5 bxa4 54. h5+ Kh7 55. Ra5 Rb6 56. Rxa4 Kg8 57. Ra5 Kf8 58. Kf3 Ke7 59. Re5+
Kf6 60. Re4 Rb5 61. g4 Kg5 62. Kg3 f5 63. Re6 fxg4 64. Rxa6 Rxb4 65. Ra5+ Kf6
66. Ra6+ Kf7 67. Ra7+ Kg8 68. Ra8+ Kh7 69. Ra6 Rc4 70. Ra8 Re4 71. Rb8 g5 72.
hxg6+ Kxg6 73. Rb6+ Kg7 74. Rb7+ Kf6 75. Rb6+ Kf5 76. Rb5+ Re5 77. Rxe5+ Kxe5
78. Kxg4 h5+ 79. Kxh5 1/2-1/2

[Event "56th Biel Master Open"]
[Site "Biel SUI"]
[Date "2023.07.27"]
[Round "10.15"]
[White "Weishaeutel, Moritz"]
[Black "Schnepp, Gunnar"]
[Result "1/2-1/2"]
[WhiteTitle "FM"]
[BlackTitle "FM"]
[WhiteElo "2442"]
[BlackElo "2278"]
[WhiteFideId "12967300"]
[BlackFideId "1604503"]
[EventDate "2023.07.17"]

1. d4 Nf6 2. c4 e6 3. Nc3 Bb4 4. e3 b6 5. Ne2 Ne4 6. Qc2 Bb7 7. a3 Bxc3+ 8. Nxc3
Nxc3 9. bxc3 Qh4 10. Bb2 Be4 1/2-1/2

[Event "56th Biel Master Open"]
[Site "Biel SUI"]
[Date "2023.07.27"]
[Round "10.29"]
[White "Ammar, Sedrani"]
[Black "Gomez Barrera, Javiera Belen"]
[Result "1/2-1/2"]
[WhiteTitle "FM"]
[BlackTitle "WIM"]
[WhiteElo "2154"]
[BlackElo "2256"]
[WhiteFideId "9312331"]
[BlackFideId "3418723"]
[EventDate "2023.07.17"]

1. d4 Nf6 2. Nc3 d5 3. Bf4 g6 4. e3 Bg7 5. h4 h6 6. Nf3 O-O 7. Ne5 c6 8. Bd3 Be6
9. h5 g5 10. Bxg5 hxg5 11. h6 Bxh6 12. Rxh6 Kg7 13. Rh1 Rh8 14. Kd2 Nbd7 15. f4
Nxe5 16. fxe5 Ng4 17. Qf3 Qd7 18. Ne2 Nh2 19. Qg3 Ng4 20. Rh3 Bf5 21. Rf1 Bxd3
22. cxd3 f5 23. Rfh1 Qe6 24. Ng1 Qg6 25. Nf3 e6 26. a3 1/2-1/2

[Event "56th Biel Master Open"]
[Site "Biel SUI"]
[Date "2023.07.27"]
[Round "10.33"]
[White "Kocharin, Timur"]
[Black "Vincenti, Leonardo"]
[Result "1-0"]
[WhiteElo "2225"]
[BlackElo "2117"]
[WhiteFideId "16240936"]
[BlackFideId "28550820"]
[EventDate "2023.07.17"]

1. d4 d5 2. c4 e6 3. Nf3 Nf6 4. g3 Bb4+ 5. Bd2 Be7 6. Bg2 O-O 7. O-O c6 8. Qc2
b6 9. Bf4 Ba6 10. Nbd2 Nbd7 11. b3 Nh5 12. Rfe1 Nxf4 13. gxf4 Bd6 14. Ne5 Rc8
15. Ndf3 f6 16. Nd3 c5 17. cxd5 exd5 18. dxc5 bxc5 19. e3 c4 20. Nb2 Ba3 21. Nd4
Nc5 22. bxc4 Bxb2 23. Bxd5+ Kh8 24. Qxb2 Nd3 25. Qb1 Bxc4 26. Bxc4 Nxe1 27. Be2
Nc2 28. Nxc2 Qd2 29. Nd4 Rfd8 30. Qf5 Qb2 31. Rb1 Qxa2 32. Bd3 Qg8 33. Rb7 Rd5
34. Qh3 a5 35. Bxh7 Rc1+ 36. Kg2 1-0

[Event "56th Biel Master Open"]
[Site "Biel SUI"]
[Date "2023.07.27"]
[Round "10.38"]
[White "Adam, Rafael"]
[Black "Perkampus, Laurin"]
[Result "1-0"]
[WhiteElo "2117"]
[BlackElo "2197"]
[WhiteFideId "2630958"]
[BlackFideId "16232283"]
[EventDate "2023.07.17"]

1. e4 c6 2. Nf3 d5 3. d3 dxe4 4. dxe4 Qxd1+ 5. Kxd1 Nf6 6. Nbd2 g6 7. a4 Bg7 8.
a5 O-O 9. Ne1 Ng4 10. Nd3 Rd8 11. h3 Rxd3 12. hxg4 Rd8 13. g5 Nd7 14. c3 Nc5 15.
Kc2 f5 16. gxf6 exf6 17. Bc4+ Be6 18. Bxe6+ Nxe6 19. Nc4 Bf8 20. f3 Nc7 21. Be3
Na6 22. Rad1 Bc5 23. Bf4 Be7 24. b4 Rxd1 25. Rxd1 Rd8 26. Rxd8+ Bxd8 27. Be3 c5
28. bxc5 Be7 29. c6 bxc6 30. Bxa7 Kf7 31. Kd3 Ke6 32. Nb2 Ke5 33. Bd4+ Ke6 34.
Kc4 Bd6 35. Nd3 Bc7 36. Nb4 Bxa5 37. Nxa6 h5 38. Nb8 Bc7 39. Nxc6 g5 40. Nb4 f5
41. Nd5 Bg3 42. Nf6 h4 43. exf5+ Kxf5 44. Ng4 h3 45. gxh3 Kf4 46. Be5+ Kxf3 47.
Bxg3 Kxg3 48. Kd5 Kxh3 49. Ne5 g4 50. Nxg4 Kxg4 51. c4 Kf5 52. c5 Kf6 53. Kd6 1-0

[Event "56th Biel Master Open"]
[Site "Biel SUI"]
[Date "2023.07.27"]
[Round "10.43"]
[White "Coles, Robin"]
[Black "Malli, Suvirr"]
[Result "1-0"]
[WhiteElo "2070"]
[BlackElo "2094"]
[WhiteFideId "551017814"]
[BlackFideId "1341855"]
[EventDate "2023.07.17"]

1. e4 c5 2. Nf3 d6 3. Bb5+ Nd7 4. a4 Nf6 5. Nc3 g6 6. a5 a6 7. Bc4 Bg7 8. Bxf7+
Kf8 9. Bc4 h6 10. O-O b5 11. axb6 Nxb6 12. Ba2 e6 13. d4 c4 14. e5 Nfd5 15. Ne4
dxe5 16. Nxe5 Bxe5 17. dxe5 Kg7 18. Qg4 Nb4 19. Bb1 Nc6 20. Bf4 Nd5 21. Nd6 h5
22. Qg5 Qxg5 23. Bxg5 Nxe5 24. f4 Nf7 25. Nxc4 Bb7 26. Na5 Rhb8 27. Nxb7 Rxb7
28. c4 Ne3 29. Rf3 Rb3 30. Ba2 Rd3 31. Re1 Nc2 32. Rxd3 Nxe1 33. Rd2 Nxg5 34.
fxg5 Rf8 35. Bb1 Rf4 36. Re2 Nxg2 37. Kxg2 Rxc4 38. h3 Rb4 39. Ba2 e5 40. Bd5 a5
41. b3 a4 42. bxa4 Rxa4 43. Rxe5 Ra5 44. h4 Kf8 45. Kg3 Ra3+ 46. Bf3 Kf7 47. Rb5
Ra4 48. Rb6 Kg7 49. Rb7+ Kf8 50. Rb5 Kg7 51. Re5 Rb4 52. Be4 Rb3+ 53. Bf3 Rb4
54. Re4 Rb6 55. Kf4 Ra6 56. Rc4 Ra7 57. Rb4 Ra6 58. Rb7+ Kf8 59. Rc7 Ra1 60. Ke5
Ra5+ 61. Bd5 Ra4 62. Kf6 Rf4+ 63. Kxg6 Rxh4 64. Rf7+ Ke8 65. Rf5 Rh3 66. Kh7 Rg3
67. g6 h4 68. g7 1-0